Central Library OPAC University of Rajshahi

Modern synthetic reactions / (Record no. 70533)

MARC details
000 -LEADER
fixed length control field 00819nam a2200265 a 4500
001 - CONTROL NUMBER
control field 70533
003 - CONTROL NUMBER IDENTIFIER
rucl marc code BD-RjUL
005 - DATE AND TIME OF LATEST TRANSACTION
control field 20211209082019.0
008 - FIXED-LENGTH DATA ELEMENTS--GENERAL INFORMATION
fixed length control field 170418s1972 cau b 001 0 eng
035 ## - SYSTEM CONTROL NUMBER
System control number (BD-RjUL)70747
040 ## - CATALOGING SOURCE
Original cataloging agency DLC
Transcribing agency DLC
Modifying agency DLC
-- BD-RjUL
Language of cataloging eng
041 ## - LANGUAGE CODE
Language code of text/sound track or separate title eng
082 00 - DEWEY DECIMAL CLASSIFICATION NUMBER
Classification number 547.2
Edition number 23
Author mark and year HOM 1972
100 1# - MAIN ENTRY--PERSONAL NAME
Personal name House, Herbert O.
9 (RLIN) 208773
245 10 - TITLE STATEMENT
Title Modern synthetic reactions /
Statement of responsibility, etc. Herbert O. House.
250 ## - EDITION STATEMENT
Edition statement 2d ed.
260 ## - PUBLICATION, DISTRIBUTION, ETC. (IMPRINT)
Place of publication, distribution, etc. Menlo Park, Calif.,
Name of publisher, distributor, etc. W. A. Benjamin,
Date of publication, distribution, etc. 1972.
300 ## - PHYSICAL DESCRIPTION
Pagination 856 p. :
Illustrations ill. ;
Size 24 cm.
504 ## - BIBLIOGRAPHY, ETC. NOTE
Bibliography, etc Bibliography: p. 817-819.
650 #0 - SUBJECT ADDED ENTRY--TOPICAL TERM
Topical term or geographic name as entry element Organic compounds
General subdivision Synthesis.
9 (RLIN) 160554
Topical term or geographic name as entry element Chemical reactions.
9 (RLIN) 208775
856 ## - ELECTRONIC LOCATION AND ACCESS
Materials specified The Organic chemistry monograph series
942 ## - ADDED ENTRY ELEMENTS (KOHA)
Source of classification or shelving scheme Dewey Decimal Classification
Koha item type Books
Holdings
Lost status Source of classification or shelving scheme Damaged status Not for loan Collection code Permanent Location Current Location Shelving location Date acquired Source of acquisition Cost, normal purchase price Total Checkouts Full call number Date last seen Copy number Koha item type
  Dewey Decimal Classification   Not For Loan Non-fiction Central Library, University of Rajshahi Central Library, University of Rajshahi Reading Room 28/01/1990 Abacus London 45.95   547.2 HOM 1972 18/04/2017 C-1 Books
  Dewey Decimal Classification     Non-fiction Central Library, University of Rajshahi Central Library, University of Rajshahi   12/05/1977 W. Heffer & Sons 11.00   547.2 HOM 1972 03/03/2019 C-2 Books